Flags of West Asian and Arab countries - Statistics

General Stats
  • This quiz has been taken 43 times
  • The average score is 27 of 31
Answer Stats
Picture Answer % Correct
Egypt
100%
Iran
100%
Iraq
100%
Saudi Arabia
100%
Israel
97%
Kuwait
97%
Lebanon
97%
Qatar
97%
Turkey
97%
Oman
94%
Syria
94%
Afghanistan
91%
Bahrain
91%
Morocco
91%
Jordan
88%
Kyrgyzstan
88%
Tunisia
88%
U.A.E
88%
Yemen
88%
Somalia
85%
Turkmenistan
85%
Uzbekistan
85%
Algeria
82%
Kazakhstan
82%
Tajikistan
82%
Libya
79%
Palestine
79%
Sudan
79%
Mauritania
71%
Djibouti
56%
Comoros
53%
No matching quizzes found
Score Distribution
Percent of People with Each Score
Percentile by Number Answered
Your Score History
You have not taken this quiz